<?xml version="1.0" encoding="UTF-8"?><?xml-stylesheet type="text/xsl" href="static/style.xsl"?><OAI-PMH xmlns="http://www.openarchives.org/OAI/2.0/" xmlns:xsi="http://www.w3.org/2001/XMLSchema-instance" xsi:schemaLocation="http://www.openarchives.org/OAI/2.0/ http://www.openarchives.org/OAI/2.0/OAI-PMH.xsd"><responseDate>2026-04-17T11:38:10Z</responseDate><request verb="GetRecord" identifier="oai:www.recercat.cat:10256/27453" metadataPrefix="marc">https://recercat.cat/oai/request</request><GetRecord><record><header><identifier>oai:recercat.cat:10256/27453</identifier><datestamp>2025-10-06T03:23:10Z</datestamp><setSpec>com_2072_452955</setSpec><setSpec>com_2072_2054</setSpec><setSpec>col_2072_452961</setSpec></header><metadata><record xmlns="http://www.loc.gov/MARC21/slim" xmlns:dcterms="http://purl.org/dc/terms/" xmlns:xsi="http://www.w3.org/2001/XMLSchema-instance" xmlns:doc="http://www.lyncode.com/xoai" xsi:schemaLocation="http://www.loc.gov/MARC21/slim http://www.loc.gov/standards/marcxml/schema/MARC21slim.xsd">
   <leader>00925njm 22002777a 4500</leader>
   <datafield ind2=" " ind1=" " tag="042">
      <subfield code="a">dc</subfield>
   </datafield>
   <datafield ind2=" " ind1=" " tag="720">
      <subfield code="a">Giménez García, Roser</subfield>
      <subfield code="e">author</subfield>
   </datafield>
   <datafield ind2=" " ind1=" " tag="720">
      <subfield code="a">Pincheira Hauck, Nataly</subfield>
      <subfield code="e">author</subfield>
   </datafield>
   <datafield ind2=" " ind1=" " tag="260">
      <subfield code="c">2025-09-30</subfield>
   </datafield>
   <datafield ind2=" " ind1=" " tag="520">
      <subfield code="a">Interdisciplinary education seeks to incorporate knowledge from the integration of different disciplines to address problems in a holistic manner. From this perspective, our purpose is to present an interdisciplinary proposal to address the concepts of equality and equity in the second cycle of primary education in the subjects of Spanish Language and Literature, Foreign Language and Mathematics, using a picturebook as a mediating educational resource. For this purpose, the first part summarizes the theoretical and methodological underpinnings that guide the teaching of equality and equity from the three areas of knowledge addressed. Based on these orientations, the second part presents the interdisciplinary didactic approach consisting of six sessions, two for each knowledge area. We conclude that this proposal can serve as a guide for teachers to promote interdisciplinarity in primary education classrooms</subfield>
   </datafield>
   <datafield ind2=" " ind1=" " tag="520">
      <subfield code="a">La educación interdisciplinar busca incorporar conocimientos a partir de la integración de distintas disciplinas para abordar problemas de manera holística. Desde esta perspectiva, nuestro propósito es presentar una propuesta interdisciplinar para abordar los conceptos de igualdad y equidad en el segundo ciclo de educación primaria en las áreas de Lengua Castellana y Literatura, Lengua Extranjera y Matemáticas, utilizando como recurso didáctico mediador un álbum ilustrado. Para ello, en la primera parte, se aportan los fundamentos teórico-metodológicos que rigen la enseñanza de la igualdad y equidad desde las tres áreas de conocimiento que se abordan. A partir de estos lineamientos, en la segunda parte, se presenta una propuesta didáctica interdisciplinar conformada por un total de seis sesiones, que se organizan en dos sesiones para cada área de conocimiento. Se concluye que esta propuesta puede servir a los maestros como guía para promover la interdisciplinariedad en el aula de educación primaria</subfield>
   </datafield>
   <datafield ind2=" " ind1=" " tag="520">
      <subfield code="a">4</subfield>
   </datafield>
   <datafield ind2=" " ind1=" " tag="520">
      <subfield code="a">5</subfield>
   </datafield>
   <datafield ind1="8" ind2=" " tag="024">
      <subfield code="a">http://hdl.handle.net/10256/27453</subfield>
   </datafield>
   <datafield tag="653" ind2=" " ind1=" ">
      <subfield code="a">Igualtat</subfield>
   </datafield>
   <datafield tag="653" ind2=" " ind1=" ">
      <subfield code="a">Interdisciplinarietat en l'ensenyament</subfield>
   </datafield>
   <datafield tag="653" ind2=" " ind1=" ">
      <subfield code="a">Equality</subfield>
   </datafield>
   <datafield tag="653" ind2=" " ind1=" ">
      <subfield code="a">Interdisciplinary approach in education</subfield>
   </datafield>
   <datafield tag="653" ind2=" " ind1=" ">
      <subfield code="a">Educació holística</subfield>
   </datafield>
   <datafield tag="653" ind2=" " ind1=" ">
      <subfield code="a">Holistic education</subfield>
   </datafield>
   <datafield ind2="0" ind1="0" tag="245">
      <subfield code="a">Integrando lenguas y matemáticas en educación primaria: una propuesta interdisciplinar sobre las nociones de igualdad y equidad</subfield>
   </datafield>
</record></metadata></record></GetRecord></OAI-PMH>